00748 2200217 4500001002100000005001500021035002000036007000300056008004100059020002200100082001100122084001700133100001300150245008400163250001100247260004500258300005300303650001500356700001800371520014100389INLIS00000000000009420220607082335 a0010-0622000015ta220607 b 0 ind  a978-620-01-2603-6 a510.76 a510.76 LAS b0 aLastiono1 aBuku Ringkasan Materi dan Latihan BRILIAN MATEMATIKA SD/MI Kelas VI /cLastiono aRevisi aBandung :bGrafindo Media Pratama,c2021 a154 halaman :bilustrasi tidak berwarna ;c25 cm 4aMatematika0 aDini Setiasih aBRILIAN Matematika 6 disusun untuk SD/MI Kelas IV disusun berdasarkan Kompetensi Inti dan Kompetensi Dasar Kurikulum 2013 (Edisi Revisi)